Attractive Male Actors - Statistics

General Stats
  • This quiz has been taken 107 times
  • The average score is 11 of 16
Answer Stats
Picture Answer % Correct
Leonardo DiCaprio
91%
Zac Efron
89%
Ryan Reynolds
88%
Tom Holland
88%
Michael B. Jordan
85%
Andrew Garfield
84%
Vin Diesel
75%
Tobey Maguire
74%
Jason Momoa
69%
Channing Tatum
68%
Henry Cavill
68%
Benedict Cumberbatch
65%
Chris Evans
64%
Bryan Cranston
43%
Gregory Peck
30%
Chris Farley
22%
No matching quizzes found
Score Distribution
Percent of People with Each Score
Percentile by Number Answered
Your Score History
You have not taken this quiz